La danza
Bewaard in:
| Hoofdauteur: | |
|---|---|
| Formaat: | Boek |
| Taal: | Spaans |
| Gepubliceerd in: |
Buenos Aires
Siglo Veinte
1952
|
| Reeks: | Colección Música y ballet
|
| Onderwerpen: | |
| Tags: |
Voeg label toe
Geen labels, Wees de eerste die dit record labelt!
|
MARC
| LEADER | 00000nam a2200000 a 4500 | ||
|---|---|---|---|
| 001 | UCU0379 | ||
| 003 | CL-VaPUC | ||
| 008 | 960322e19520000AG |||||||||||||||||spa|d | ||
| 082 | 0 | 4 | |a 792.8 |b LIF |2 21 |
| 100 | |a Lifar, Serge |e autor |9 458665 | ||
| 245 | 1 | 3 | |a La danza |
| 300 | |a 290 p | ||
| 942 | |c BK | ||
| 945 | |d 19960322 00:00:00 |a cmena | ||
| 260 | |a Buenos Aires |b Siglo Veinte |c 1952 | ||
| 650 | 0 | |a Danza |9 328568 | |
| 650 | 7 | |a BAILARINES |2 CL-VaPUC |9 355483 | |
| 650 | 0 | |a Artes escénicas |9 318853 | |
| 650 | 0 | |a Historia |9 255047 | |
| 650 | 0 | |a Ballet |9 265384 | |
| 650 | 0 | |a Ballet clásico |9 351809 | |
| 650 | 0 | |a Actividades culturales |9 335506 | |
| 583 | |a last modification |c 19960322 00:00:00 |k Rodrigo Vera | ||
| 490 | 0 | |a Colección Música y ballet | |
| 999 | |c 245238 |d 245236 | ||
| 952 | |0 0 |1 0 |4 0 |6 792_800000000000000_LIF_1952 |7 0 |8 A |9 259692 |a BIBEDU |b BIBEDU |d 2019-11-19 |i 1234129 |o 792.8 LIF 1952 |p 1234129 |r 2023-01-12 |w 2019-11-19 |y BK |k MUS | ||